| 000 | 01210nam a2200301Ia 4500 | ||
|---|---|---|---|
| 001 | 1972 | ||
| 003 | IT-RoPAU | ||
| 008 | 130308s9999 xx 000 0 und d | ||
| 040 | _aIT-RoPAU | ||
| 040 | _cIT-RoPAU | ||
| 041 | _aITALIANO | ||
| 100 | _aFossati Giuseppe | ||
| 100 | _gCodice Aut. SPICS: 6506 | ||
| 245 | _aCattolici e gli strumenti di comunicazione sociale (I) | ||
| 245 | _bCattolici e gli Strumenti di Comunicazione Sociale (I) | ||
| 250 | _a1a ed. | ||
| 260 | _aROMA | ||
| 260 | _bEnte Dello Spettacolo | ||
| 260 | _c1964 [1° Ed.:1964 - Ed.Ling.Originale:1964] | ||
| 300 | _a"246 p. (prefazione: 12; testo: 234)" | ||
| 500 | _aCinema Radio e Televisione nel Decreto Inter Mirifica del Concilio Vaticano Ii Iter del Decreto dottrina del Decreto Problemi Morali e Sociali Arte e Morale Male Morale Diritto all'informazione Opinione Pubblica norme Pastorali Formazione dei Promotori e dei Recettori norme Giuridiche e Organizzative Confronto tra Decreto e Documenti precedenti Punti Fermi di dottrina e Azione Pastorale | ||
| 650 | _aCOMMENTI AI DOCUMENTI ECCLESIASTICI | ||
| 650 | _eCodice materia Spics: 9102 | ||
| 942 | _cBK | ||
| 957 | _71 | ||
| 999 |
_c75732 _d75732 |
||
| 999 | _bSI | ||
| 999 | _g2 | ||